Statistics for Marvel Cinematic Universe (MCU) Villains

Click here to take the quiz!

General Stats

  • This quiz has been taken 270 times
  • The average score is 30 of 42

Answer Stats

MovieAnswer% Correct
ThorLoki
96%
The AvengersLoki
96%
EndgameThanos
96%
Infinity WarThanos
96%
Captain AmericaRed Skull
90%
Age of UltronUltron
90%
RagnarokHela
88%
Black PantherErik Killmonger
87%
Far From HomeMysterio
86%
Incredible HulkAbomination
85%
Guardians of the Galaxy 2Ego
85%
Spider-Man HomecomingVulture
85%
Ant-ManYellowjacket
83%
Winter SoldierBucky Barnes
82%
Iron ManObadiah Stane
81%
Iron Man 2Whiplash
81%
Guardians of the GalaxyRonan the Accuser
80%
Doctor StrangeDormammu
78%
Ant-Man and the WaspGhost
78%
Civil WarHelmut Zemo
77%
EndgameEbony Maw
71%
Infinity WarEbony Maw
71%
Dark WorldMalekith
71%
Infinity WarProxima Midnight
68%
EndgameProxima Midnight
68%
Iron Man 3Aldrich Killian
63%
Guardians of the GalaxyNebula
61%
Guardians of the Galaxy 2Nebula
61%
Incredible HulkThaddeus Ross
59%
Infinity WarCull Obsidian
58%
EndgameCull Obsidian
58%
Black PantherUlysses Klaue
58%
Infinity WarCorvus Glaive
57%
EndgameCorvus Glaive
57%
RagnarokThe Grandmaster
57%
Winter SoldierAlexander Pierce
56%
ThorLaufey
56%
Doctor StrangeKaecilius
53%
Captain MarvelYon-Rogg
43%
Guardians of the Galaxy 2Ayesha
38%
Captain MarvelThe Supreme Intelligence
27%
Ant-Man and the WaspSonny Burch
23%

Score Distribution

Percentile by Number Answered

Percent of People with Each Score

Your Score History

You have not taken this quiz